Normal view
MARC view
- TELEWORKING FOR LIBRARY PROFESSIONALS
Entry Topical Term
001 - CONTROL NUMBER
- control field: 61541
003 - CONTROL NUMBER IDENTIFIER
- control field: NUST
005 - DATE AND TIME OF LATEST TRANSACTION
- control field: 20210628202754.0
008 - FIXED-LENGTH DATA ELEMENTS
- fixed length control field: 210628|| aca||aabn | a|a d
040 ## - CATALOGING SOURCE
- Original cataloging agency: NUST
- Transcribing agency: NUST
150 ## - HEADING--TOPICAL TERM
- Topical term or geographic name entry element: TELEWORKING FOR LIBRARY PROFESSIONALS
670 ## - SOURCE DATA FOUND
- Source citation: Work cat.: (NUST): Black, Monica 61540, Teleworking for library and information professionals, 1999
